01606 a2200205 4500003000500000005001700005010001600022020001500038040000900053082001800062100003300080245005200113260004800165300004000213505094200253651003301195942002701228999001901255952012601274Nust20221222124649.0 a 70394876 a0192151673 cNust00a327.95491,BHU1 aBhutto, Zulfikar Ali.93771914aThe myth of independence / cZufikar Ali Bhutto aLondon,aLahore [etc.]bOxford U.P.,c1969. ax, 188 p.b4 plates, ports.c23 cm. aThe Struggle For Equality (Page-1), Global Power And Small Nation (Page-7), American Attitudes Towards Partition And Indian Neutralism (Page-30), India Seeks American Support Against China (Page-48), America Aids India And Ignore Pakistan (Page-66), American Policy To Bring Pakistan Under Indian Hegemony (Page-79), Collaboration With India On American Terms (Page-93), American Demands And The Choice Before Pakistan (Page-99), The Indo Pakistan War And Its Analogies (Page-113), Relations With Neighbouring Countries And Some Others (Page-123), Pakistan And The Veitnam War (Page-127), Sino Pakistani Relations (Page-131), Relations With European Powers And Great Powers (Page-135), Some Conclusions (Page-145), The State Best Defence (Page-150), Deterrent Against Aggression (Page-152), How To Face The Looming Crisis (Page-156), The Origins Of Dispute With India (Page-162), Confrontation With India (Page-176), Epilogue (Page-185). 0aPakistanxForeign relations. 2ddccBKk327.95491,BHU c184272d184272 00102ddc4070aMCSbMCScGENd2016-12-12o327.95491,BHUpMCS7521r2016-12-08w2016-12-12yBKzAlmirah No.50, Shelf No.2